000 00744cab a2200217 4500
001 WB2943-66
008 090401t1993 xxu||||| |||| 00| 0 eng d
035 _a(Sirsi) u72206
041 _aeng
100 _aJames, J.
245 _aPay and file
260 _c1993
350 _a0
490 _aCSW - The Property Week
_v45(7) 18 November 1993, 62(1)
520 _aDiscusses pay and file introduced by the Finance Act 1990 operative from 30 September 1993. It requires a company to estimate and pay its tax liability within nine months of its accounting year end and submit detailed computations three months earlier.
650 _aPAY AND FILE
650 _aTAX LIABILITY
690 _aTAXATION
942 _n0
948 _c04/03/1997
999 _c45585
_d45585